00462nam a22001577a 450000500170000000800410001702000180005804100130007608200130008910000130010224500650011525000240018026000470020430000280025165000250027920231206142717.0231206b |||||||| |||| 00| 0 eng d a9780702181436 aEnglish  a348 JUT  lEnglish  aJuta's Statutes of South Africa / cJUTA'S STATUTES EDITORS  aEighteenth Edition  aCape Town :bJuta and Company Ltd, c2008  b441 pages ; c26,5 cm.  aLegal practice bLaw